Návrh opatrení pre zlepšenie procesu riadenia výroby v podniku Pongratz, s.r.o. Modra

Salvato in:
Dettagli Bibliografici
Autore principale: Tančár, Jozef, 1987- (Autore)
Altri autori: Chupáčová, Ľubica, 1983- (Relatore della tesi)
Natura: Manoscritto Libro
Lingua:slovacco
Pubblicazione: STU v Bratislave MTF UPMK, 2010
Accesso online:VAIS
Tags: Aggiungi Tag
Nessun Tag, puoi essere il primo ad aggiungerne!!

MARC

LEADER 00000ntm a22000003a 4500
001 stu207130
005 20160719160217.5
008 100710s2010------------------------slo-d
040 |a STU  |b slo 
041 0 |a slo 
100 1 |a Tančár, Jozef,  |d 1987-  |4 aut  |X 41380  |7 A000041380 
242 0 0 |a Application of new conceptions of production management in industrial company  |y eng 
245 1 |a Návrh opatrení pre zlepšenie procesu riadenia výroby v podniku Pongratz, s.r.o. Modra 
260 |b STU v Bratislave MTF UPMK,  |c 2010 
700 1 |a Chupáčová, Ľubica,  |d 1983-  |4 ths  |u M190  |U MTF Materiálovotechnologická fakulta  |T MTF Katedra priemyselného inžinierstva a manažmentu  |X 32737  |U M190  |Y 167  |7 A000032737 
856 4 |a info a plný text  |u http://is.stuba.sk/zp/portal_zp.pl?podrobnosti=52238  |3 VAIS 
996 |c M*BP-4523  |l MMSKP  |s P  |a 0  |w stu207130_0001